00408nam a2200157Ia 45000010006000000050017000060080041000230410008000640820018000721000023000902450078001132600009001913000034002006500008002346540008002422257620260414150840.0260414t2008||||xx |||||||||||||| ||spa|| aESP a621.382bS734 aSeifert, RicheAUT 4aThe all-new switch book :bthe complete guide to LAN switching technology c2008 axxxi, 784 páginas :c24 cm. aTCA aCET